000
00314nam a2200133Ia 4500
008
251229s9999 xx 000 0 und d
020
_a
9788185790152
100
_a
KOKATE, C.K.
245
2
_a
A TB OF PHARMACOGNSOY
250
_a
43TH
260
_b
NIRALI PRAKASHAN, PUNE
_c
2021
300
_a
10.14
942
_c
BK
999
_c
223696
_d
223696